[Event "79th ch-ESP 2014"]
[Site "Linares ESP"]
[Date "2014.08.27"]
[Round "3.9"]
[White "Sanchez Dengra, Jose Maria"]
[Black "Antoli Royo, Joaquin Miguel"]
[Result "1/2-1/2"]
[BlackTitle "IM"]
[WhiteElo "2134"]
[BlackElo "2428"]
[WhiteFideId "22245391"]
[BlackFideId "2259532"]
[EventDate "2014.08.25"]

1. e4 c5 2. Nf3 Nc6 3. d4 cxd4 4. Nxd4 e5 5. Nb5 d6 6. N1c3 a6 7. Na3 Be7 8. Nc4
Nf6 9. g3 Bg4 10. f3 Be6 11. Ne3 O-O 12. Bg2 Rc8 13. O-O Na5 14. Kh1 Nc4 15.
Ned5 Nxd5 16. Nxd5 Nb6 17. Nxe7+ Qxe7 18. b3 Nd7 19. a4 Rfd8 20. f4 f6 21. f5
Bf7 22. Rf2 Nc5 23. Rd2 Qc7 24. Ba3 b5 25. axb5 axb5 26. Bb4 Qc6 27. Bxc5 Qxc5
28. Ra6 Rc6 29. Rxc6 Qxc6 30. h3 Qc5 31. Kh2 Kf8 32. Qa1 Qb6 33. Qd1 Ke7 34. Qg4
Rg8 35. Qe2 b4 36. Qd1 Ra8 37. Qg4 Qe3 38. Qd1 Qc5 39. Qg4 Ra1 40. h4 Kf8 41.
Qe2 Be8 42. Qf2 Qxf2 43. Rxf2 Re1 44. Rd2 Ke7 45. Rd5 Ra1 46. Rd3 Bb5 47. c4 Bc6
48. Re3 Kd8 49. g4 Rc1 50. Kg3 Kc7 51. Bf3 Kb6 52. Kf2 Kc5 53. Rd3 Rc2+ 54. Ke3
Bb7 55. h5 h6 56. Bh1 Ra2 57. Bf3 Bc6 58. Bd1 Ra3 59. Bf3 Ra1 60. Rd1 Ra2 61.
Rd3 Rb2 62. Bd1 Rb1 63. Rd2 Rc1 64. Rd3 Be8 65. Kd2 Ra1 66. Rd5+ Kc6 67. Rb5
Ra2+ 68. Bc2 Ra1 69. Bd1 Ra2+ 70. Bc2 Ra1 1/2-1/2

[Event "79th ch-ESP 2014"]
[Site "Linares ESP"]
[Date "2014.08.27"]
[Round "3.10"]
[White "Alexandrova, Olga"]
[Black "Navarro Lopez-Menchero, Daniel"]
[Result "1/2-1/2"]
[WhiteTitle "IM"]
[BlackTitle "FM"]
[WhiteElo "2424"]
[BlackElo "2135"]
[WhiteFideId "14102463"]
[BlackFideId "2297370"]
[EventDate "2014.08.25"]

1. d4 d5 2. c4 dxc4 3. e3 e6 4. Bxc4 a6 5. Nf3 Nf6 6. O-O b5 7. Bd3 Bb7 8. Qe2
c5 9. dxc5 Nc6 10. Rd1 Qc7 11. a3 Bxc5 12. b4 Bd6 13. Bb2 Ng4 14. h3 Nge5 15.
Be4 Nxf3+ 16. Qxf3 f5 17. Bxc6+ Bxc6 18. Qh5+ g6 19. Qh6 Bf8 20. Qh4 Bg7 21.
Bxg7 Qxg7 22. Nd2 O-O 23. Nb3 Bd5 24. Nc5 a5 25. Qd4 Rf7 26. f3 Qxd4 27. Rxd4
axb4 28. Rxb4 Bc4 29. Nb3 Rfa7 30. Nd2 Rxa3 31. Rxa3 Rxa3 32. Nxc4 bxc4 33. Rxc4
Ra8 1/2-1/2

[Event "79th ch-ESP 2014"]
[Site "Linares ESP"]
[Date "2014.08.27"]
[Round "3.11"]
[White "Shen, Yue"]
[Black "Anton Guijarro, David"]
[Result "0-1"]
[BlackTitle "GM"]
[WhiteElo "2266"]
[BlackElo "2624"]
[WhiteFideId "22251006"]
[BlackFideId "2285525"]
[EventDate "2014.08.25"]

1. d4 Nf6 2. c4 b6 3. Nf3 Bb7 4. Nc3 e6 5. a3 d5 6. cxd5 Nxd5 7. e3 Nxc3 8. bxc3
Be7 9. Bd3 O-O 10. O-O c5 11. Qe2 Nd7 12. Rd1 Qc7 13. e4 Rac8 14. d5 c4 15. Bb1
exd5 16. exd5 Rfe8 17. Qe4 g6 18. Bf4 Qd8 19. Qd4 Rc5 20. Ba2 Bf6 21. Qd2 Rxd5
22. Qb2 Ne5 23. Nd4 Nd3 0-1

[Event "79th ch-ESP 2014"]
[Site "Linares ESP"]
[Date "2014.08.27"]
[Round "3.12"]
[White "Salgado Lopez, Ivan"]
[Black "Torres Ventosa, Pedro Eugenio"]
[Result "1-0"]
[WhiteTitle "GM"]
[BlackTitle "FM"]
[WhiteElo "2620"]
[BlackElo "2334"]
[WhiteFideId "2257327"]
[BlackFideId "2280663"]
[EventDate "2014.08.25"]

1. e4 d6 2. d4 Nf6 3. Nd2 g6 4. Ngf3 Bg7 5. Bd3 O-O 6. O-O c5 7. c3 a6 8. h3 b6
9. Re1 Bb7 10. Nf1 Nc6 11. d5 Ne5 12. Nxe5 dxe5 13. a4 Ne8 14. Ne3 Nd6 15. Nc4
f5 16. exf5 Nxc4 17. Bxc4 gxf5 18. f4 e4 19. d6+ Kh8 20. dxe7 Qxe7 21. Be3 Rf6
22. Qe2 Rg6 23. Rad1 Bc6 24. Bd5 Qb7 25. Qc4 Rd6 26. Bxc6 Qxc6 27. a5 Rad8 28.
Rxd6 Qxd6 29. Qxa6 bxa5 30. Qxd6 Rxd6 31. Ra1 Kg8 32. Rxa5 Bd4 33. cxd4 cxd4 34.
Bxd4 Rxd4 35. Rxf5 Rb4 36. Re5 Kf7 37. b3 Kf6 38. Kf2 h6 39. g3 Kf7 40. Kg2 Kf6
41. g4 Kf7 42. h4 Kf6 43. h5 Kf7 44. g5 Kg7 45. g6 Kf6 46. Kg3 Rxb3+ 47. Kg4 Re3
48. Rf5+ Kg7 49. Rf7+ Kg8 50. Kf5 Ra3 51. Kxe4 Rh3 52. Rf5 Kg7 53. Ra5 Rh1 54.
Ra7+ Kf6 55. Rf7+ Ke6 56. f5+ Kd6 57. g7 Re1+ 58. Kd3 Rg1 59. f6 Ke6 60. Rf8 Kd5 1-0

[Event "79th ch-ESP 2014"]
[Site "Linares ESP"]
[Date "2014.08.27"]
[Round "3.13"]
[White "Lopez Martinez, Josep Manuel"]
[Black "Suarez Uriel, Adrian"]
[Result "1-0"]
[WhiteTitle "GM"]
[WhiteElo "2549"]
[BlackElo "2292"]
[WhiteFideId "2212943"]
[BlackFideId "22230874"]
[EventDate "2014.08.25"]

1. d4 Nf6 2. Nf3 g6 3. c4 Bg7 4. g3 d5 5. cxd5 Nxd5 6. Bg2 Nb6 7. O-O Nc6 8. e3
O-O 9. Nc3 e5 10. d5 Na5 11. Qc2 c6 12. b4 Nac4 13. dxc6 bxc6 14. Nd2 Be6 15.
Nce4 Bd5 16. a4 a5 17. bxa5 Rxa5 18. Nc3 Nxd2 19. Bxd2 Nc4 20. Be1 Bxg2 21. Kxg2
Nd6 22. Rd1 Qb8 23. Rxd6 Qxd6 24. Ne4 Qd5 25. Bxa5 f5 26. Rd1 Qxa5 27. Qc4+ Kh8
28. Ng5 h6 29. Ne6 Rg8 30. Qxc6 Qa8 31. Qxa8 Rxa8 32. Rd8+ 1-0

[Event "79th ch-ESP 2014"]
[Site "Linares ESP"]
[Date "2014.08.27"]
[Round "3.14"]
[White "Santos Ruiz, Miguel"]
[Black "Arizmendi Martinez, Julen Luis"]
[Result "0-1"]
[WhiteTitle "FM"]
[BlackTitle "GM"]
[WhiteElo "2306"]
[BlackElo "2544"]
[WhiteFideId "22291482"]
[BlackFideId "2205092"]
[EventDate "2014.08.25"]

1. e4 e6 2. d4 d5 3. Bd3 c5 4. exd5 exd5 5. Nf3 c4 6. Be2 Bd6 7. b3 cxb3 8. axb3
Ne7 9. O-O Nbc6 10. c4 O-O 11. h3 f6 12. c5 Bc7 13. Bd2 Bf5 14. b4 Be4 15. Bc3
a6 16. Nbd2 Bf5 17. b5 axb5 18. Qb3 Rb8 19. Bxb5 Ng6 20. Rfe1 Qd7 21. Nf1 Nf4
22. Ng3 Bg6 23. Ne2 Nxh3+ 24. gxh3 Qxh3 25. Bd2 Bh2+ 26. Kh1 Be4 27. Ra3 Bf4+
28. Kg1 Bh2+ 29. Kh1 Bf4+ 30. Kg1 Bxd2 31. Rd1 Bb4 32. Ng3 Bxf3 0-1

[Event "79th ch-ESP 2014"]
[Site "Linares ESP"]
[Date "2014.08.27"]
[Round "3.15"]
[White "Rubio Mejia, Luis Ignacio"]
[Black "Trigo Urquijo, Sergio"]
[Result "1/2-1/2"]
[WhiteTitle "IM"]
[WhiteElo "2470"]
[BlackElo "2274"]
[WhiteFideId "2281228"]
[BlackFideId "2262436"]
[EventDate "2014.08.25"]

1. d4 Nf6 2. c4 d6 3. Nf3 Nbd7 4. Nc3 e5 5. e4 g6 6. Be2 Bg7 7. O-O O-O 8. Re1
c6 9. Bf1 exd4 10. Nxd4 Ng4 11. Qxg4 Bxd4 12. Be3 Nc5 13. Qd1 Be5 14. Qd2 Re8
15. Rad1 Qf6 16. Bg5 Qg7 17. f3 a5 18. Qc2 h6 19. Be3 g5 20. Qf2 Qf6 21. Bd4 Ne6
22. Bxe5 dxe5 23. Rd6 Rd8 24. Red1 Rxd6 25. Rxd6 Qe7 26. c5 a4 27. Bc4 Ra5 28.
Bxe6 Bxe6 29. a3 Kg7 30. h3 Qc7 31. Kh2 b6 32. Rd2 Rxc5 33. Nxa4 Rc1 34. Qxb6
Qe7 35. Qe3 h5 36. Rd7 Bxd7 37. Qxc1 g4 38. Nc5 gxh3 39. Nxd7 Qxd7 40. Qg5+ Kf8
41. Qxh5 Qd4 42. Qxh3 Qxb2 43. a4 Ke7 44. Qc8 Qb6 45. Kh3 c5 46. Kg3 Qg6+ 47.
Kf2 Qb6 48. Ke2 Qb2+ 49. Kf1 Qc1+ 50. Kf2 Qd2+ 51. Kg1 Qe1+ 52. Kh2 1/2-1/2

[Event "79th ch-ESP 2014"]
[Site "Linares ESP"]
[Date "2014.08.27"]
[Round "3.16"]
[White "Tierraseca Montero, Pablo"]
[Black "Gonzalez De La Torre, Santiago"]
[Result "1/2-1/2"]
[BlackTitle "IM"]
[WhiteElo "2143"]
[BlackElo "2466"]
[WhiteFideId "2261065"]
[BlackFideId "2221667"]
[EventDate "2014.08.25"]

1. e4 e5 2. Nf3 d6 3. d4 exd4 4. Nxd4 Nf6 5. Nc3 Be7 6. Be2 O-O 7. O-O Re8 8. f4
c5 9. Nb3 Bf8 10. Bf3 Nc6 11. Re1 a5 12. a4 Nb4 13. Be3 Qb6 14. Nd2 Be6 15. f5
Bd7 16. Nc4 Qa6 17. b3 d5 18. Nxd5 Nfxd5 19. exd5 Bxf5 20. Rc1 Rad8 21. Bf2 Qg6
22. Rxe8 Rxe8 23. Ne3 Na2 24. Ra1 Nc3 25. Qd2 Ne4 26. Bxe4 Bxe4 27. Bg3 c4 28.
d6 cxb3 29. cxb3 Rd8 30. Qxa5 Rd7 31. Nc4 h5 32. Qd2 h4 33. Bf4 h3 34. g3 Qf5
35. Re1 g5 36. Qd4 Bc6 37. Qe5 Qxe5 38. Bxe5 f6 39. Bxf6 Bxd6 40. Nxd6 Rxd6 41.
Bxg5 Rd3 42. Rb1 Rf3 43. Bf4 Kf7 44. Bc7 Be4 45. Rb2 Bd3 46. Rf2 Rxf2 47. Kxf2
Bc2 48. g4 Bxb3 49. Kg3 Bxa4 50. Kxh3 Bd7 51. Kg3 Kg6 52. Bb6 Be6 53. h4 Bd7 54.
Kf4 Be6 55. Bc5 Bd7 56. h5+ Kh7 57. g5 Be8 58. Kg4 Bf7 59. Kh4 1/2-1/2

[Event "79th ch-ESP 2014"]
[Site "Linares ESP"]
[Date "2014.08.27"]
[Round "3.17"]
[White "Larino Nieto, David"]
[Black "Silva Rodriguez, Fernando"]
[Result "1-0"]
[WhiteTitle "GM"]
[WhiteElo "2432"]
[BlackElo "2217"]
[WhiteFideId "2256444"]
[BlackFideId "2215268"]
[EventDate "2014.08.25"]

1. e4 e5 2. Nf3 Nc6 3. Bb5 a6 4. Bxc6 dxc6 5. O-O Bd6 6. c3 c5 7. d4 cxd4 8.
cxd4 exd4 9. Qxd4 f6 10. Nbd2 Be6 11. Nc4 Bxh2+ 12. Kxh2 Qxd4 13. Nxd4 Bxc4 14.
Rd1 Ne7 15. b3 Bf7 16. Ba3 g6 17. Rac1 c6 18. Rc3 Rd8 19. Rf3 Rd7 20. Rdd3 O-O
21. Nxc6 Nxc6 22. Rxd7 Ne5 23. Bxf8 Nxd7 24. Bd6 Kg7 25. Rc3 Be6 26. Rc7 b6 27.
b4 1-0

[Event "79th ch-ESP 2014"]
[Site "Linares ESP"]
[Date "2014.08.27"]
[Round "3.18"]
[White "Silva Rodriguez, Julio"]
[Black "Espineira Gonzalez, Diego"]
[Result "1/2-1/2"]
[BlackTitle "IM"]
[WhiteElo "2210"]
[BlackElo "2360"]
[WhiteFideId "2215284"]
[BlackFideId "2229498"]
[EventDate "2014.08.25"]

1. e4 d6 2. d4 Nf6 3. Nc3 g6 4. Nf3 Bg7 5. Be2 c6 6. a4 Nbd7 7. O-O O-O 8. Bg5
Qc7 9. Qd2 b6 10. Rfe1 Re8 11. Bc4 e6 12. Rad1 Bb7 13. Bb3 a6 14. h3 b5 15. Qf4
e5 16. dxe5 dxe5 17. Rxd7 Qxd7 18. Nxe5 Rxe5 19. Qxe5 Nd5 20. Qg3 Nxc3 21. bxc3
c5 22. axb5 axb5 23. Bd5 h6 24. Bf4 Re8 25. Bxb7 Qxb7 26. Qe3 f5 27. f3 b4 28.
Qxc5 Bxc3 29. Re2 fxe4 30. Qc4+ Qf7 31. Qxf7+ Kxf7 32. Rxe4 Ra8 33. Bd6 Ra2 34.
Bxb4 Bxb4 35. Rxb4 Rxc2 36. h4 h5 37. Kh2 Kf6 38. Rf4+ Kg7 39. Kh3 Ra2 40. Kg3
Rb2 41. Rc4 Kf6 42. Kh3 Ra2 43. g4 hxg4+ 44. fxg4 Ra3+ 45. Kg2 Ra2+ 46. Kg3 Ra3+
47. Kf4 g5+ 48. hxg5+ Kg6 49. Rc6+ Kg7 50. Re6 Ra4+ 51. Kf5 Ra5+ 52. Re5 Ra7 53.
g6 Rb7 54. Kg5 Ra7 55. Rf5 Ra1 56. Rf7+ Kg8 57. Rb7 Ra2 58. Rf7 Ra1 59. Rf2 Kg7
60. Rf7+ 1/2-1/2

[Event "79th ch-ESP 2014"]
[Site "Linares ESP"]
[Date "2014.08.27"]
[Round "3.19"]
[White "Barrenechea Bahamonde, Gustavo"]
[Black "Fernandez Garcia, Jose Miguel"]
[Result "0-1"]
[BlackTitle "FM"]
[WhiteElo "2124"]
[BlackElo "2353"]
[WhiteFideId "2254425"]
[BlackFideId "22200070"]
[EventDate "2014.08.25"]

1. e4 d6 2. d4 c6 3. Nf3 Bg4 4. Bd3 e5 5. c3 Nd7 6. O-O Be7 7. h3 Bxf3 8. Qxf3
Ngf6 9. Qe2 O-O 10. Nd2 c5 11. Nf3 exd4 12. cxd4 cxd4 13. Nxd4 Re8 14. Bg5 h6
15. Bh4 Bf8 16. Qc2 Rc8 17. Qb1 Qb6 18. Nf5 d5 19. exd5 Nxd5 20. a4 a6 21. Bg3
Nc5 22. Bc4 Nb4 23. b3 Ne4 24. Bf4 Qf6 25. g4 Nc3 26. Qb2 Rxc4 0-1

[Event "79th ch-ESP 2014"]
[Site "Linares ESP"]
[Date "2014.08.27"]
[Round "3.20"]
[White "Alvarez Fernandez, Enrique"]
[Black "Campins Machado, Francesc"]
[Result "1-0"]
[WhiteTitle "FM"]
[WhiteElo "2355"]
[BlackElo "1946"]
[WhiteFideId "2227398"]
[BlackFideId "32005385"]
[EventDate "2014.08.25"]

1. d4 Nf6 2. Bg5 c5 3. Bxf6 gxf6 4. d5 Qb6 5. Qc1 f5 6. g3 Bg7 7. c3 d6 8. Bg2
Nd7 9. Nd2 Nf6 10. Nh3 Bd7 11. Qc2 e5 12. dxe6 Bxe6 13. Nf4 O-O 14. c4 Ng4 15.
Rb1 Qa6 16. b3 Rab8 17. a4 Ne5 18. Nh5 Bh8 19. O-O Nc6 20. Nf3 Qa5 21. Qc1 Qd8
22. Qh6 f6 23. Ng5 fxg5 24. Qxe6+ Rf7 25. Bd5 Qe7 26. Qxf5 Nd4 27. Bxf7+ Qxf7
28. Qxg5+ Kf8 29. Nf4 Be5 30. Qh6+ Kg8 31. e3 Nf3+ 32. Kg2 Nd2 33. Qe6 Nxf1 34.
Qxf7+ Kxf7 35. Rxf1 a6 36. Nd5 b5 37. axb5 axb5 38. f4 Bg7 39. Kf3 bxc4 40. bxc4
Rb7 41. Rf2 Ra7 42. Ke4 Ra4 43. Rc2 Ra1 44. Kf5 h6 45. g4 Bf8 46. Rb2 1-0

[Event "79th ch-ESP 2014"]
[Site "Linares ESP"]
[Date "2014.08.27"]
[Round "3.21"]
[White "Pozanco Romasanta, Marc"]
[Black "Sos Andreu, Eric"]
[Result "1-0"]
[BlackTitle "FM"]
[WhiteElo "2061"]
[BlackElo "2355"]
[WhiteFideId "2255138"]
[BlackFideId "22247017"]
[EventDate "2014.08.25"]

1. d4 Nf6 2. c4 c5 3. d5 b5 4. Qc2 b4 5. a3 Na6 6. e4 d6 7. Nf3 e5 8. dxe6 fxe6
9. e5 dxe5 10. Nxe5 Qa5 11. Bd3 b3+ 12. Qc3 Qc7 13. O-O Bd6 14. f4 O-O 15. Nd2
Bb7 16. Ndf3 Rab8 17. Be3 Qe7 18. Rae1 Nc7 19. Bd2 Rfd8 20. Qc1 Na8 21. Qb1 h6
22. Bc3 Nb6 23. Bg6 Rf8 24. f5 Na4 25. fxe6 Qxe6 26. Nf7 Qd7 27. Bxf6 Rxf7 28.
Ne5 Bxe5 29. Bxf7+ 1-0

[Event "79th ch-ESP 2014"]
[Site "Linares ESP"]
[Date "2014.08.27"]
[Round "3.22"]
[White "Sanchez Saez, Francisco"]
[Black "Leon Acosta, Miguel"]
[Result "1/2-1/2"]
[WhiteTitle "FM"]
[WhiteElo "2319"]
[BlackElo "2047"]
[WhiteFideId "2231743"]
[BlackFideId "2245370"]
[EventDate "2014.08.25"]

1. c4 b6 2. Nc3 Bb7 3. e4 e6 4. g3 Bb4 5. Nge2 f5 6. Bg2 Nf6 7. d3 fxe4 8. O-O
O-O 9. dxe4 Nc6 10. a3 Bc5 11. b4 Be7 12. h3 a5 13. b5 Ne5 14. Qd4 Ng6 15. Be3
Bc5 16. Qd2 Ne5 17. Bxc5 bxc5 18. Qa2 d6 19. f4 Ned7 20. Rad1 Nb6 21. g4 Nfd7
22. Ng3 Qh4 23. Nce2 g6 24. Qc2 Rf7 25. f5 Ne5 26. fxe6 Re7 27. Qc3 Rxe6 28. Nf4
Rf6 29. Nd5 Bxd5 30. Rxf6 Qxf6 31. Rf1 Qe7 32. cxd5 a4 33. Ne2 Qd7 34. Nf4 Rf8
35. Ne6 Rxf1+ 36. Bxf1 Qf7 37. Be2 h6 38. h4 Qf6 39. g5 hxg5 40. hxg5 Qh8 41.
Qg3 Nf7 42. Nxc7 Qd4+ 43. Qf2 Qxf2+ 44. Kxf2 Nxg5 45. Ke3 Nf7 46. Ne8 Kf8 47.
Nf6 Ke7 48. Ng4 Ne5 49. Nxe5 dxe5 50. Kd3 Kd6 51. Kc3 g5 52. Bd1 Kc7 53. Bg4 Kd6
54. Be2 Kc7 55. Bd1 Kd6 56. Bg4 Kc7 1/2-1/2

[Event "79th ch-ESP 2014"]
[Site "Linares ESP"]
[Date "2014.08.27"]
[Round "3.23"]
[White "Fernandez-Martos Machado, Eduard"]
[Black "Aranaz Murillo, Amalia"]
[Result "0-1"]
[BlackTitle "WIM"]
[WhiteElo "2060"]
[BlackElo "2314"]
[WhiteFideId "2200481"]
[BlackFideId "22200371"]
[EventDate "2014.08.25"]

1. d4 e6 2. c4 Bb4+ 3. Bd2 a5 4. a3 Bxd2+ 5. Qxd2 Nf6 6. Nc3 d6 7. Nf3 Nc6 8. e3
O-O 9. Bd3 e5 10. dxe5 Nxe5 11. Nxe5 dxe5 12. Qc2 Be6 13. Rd1 Qe7 14. Nd5 Bxd5
15. cxd5 e4 16. Bc4 Qe5 17. Qc3 Qg5 18. O-O b6 19. d6 cxd6 20. Rxd6 Rac8 21. Qd4
b5 22. Ba2 Qf5 23. h3 h6 24. Bb1 Rc4 25. Qd2 Qe5 26. Rd1 Rfc8 27. Rd8+ Rxd8 28.
Qxd8+ Kh7 29. Qd2 Qc7 30. Kh1 g6 31. Kg1 Kg7 32. Ba2 Rc2 33. Qd4 a4 34. Qb4 Qe5
35. Rb1 h5 36. Qd4 Qxd4 37. exd4 Rd2 38. d5 Nxd5 39. Bxd5 Rxd5 40. Kf1 Rd2 41.
b3 b4 42. axb4 a3 43. Kg1 Rb2 44. Ra1 a2 45. Kh2 Rxf2 46. b5 Rb2 47. b6 Rxb3 48.
Rxa2 Rxb6 49. Kg3 g5 50. Ra5 Kg6 51. Re5 Re6 0-1

[Event "79th ch-ESP 2014"]
[Site "Linares ESP"]
[Date "2014.08.27"]
[Round "3.24"]
[White "Gavilan Diaz, Mario"]
[Black "Redondo Benavente, Jose Carlos"]
[Result "1-0"]
[WhiteTitle "FM"]
[WhiteElo "2291"]
[BlackElo "2027"]
[WhiteFideId "2260905"]
[BlackFideId "32010788"]
[EventDate "2014.08.25"]

1. d4 Nf6 2. c4 g6 3. Nc3 Bg7 4. e4 d6 5. Be2 O-O 6. Be3 e5 7. d5 Nbd7 8. g4 Nc5
9. Bf3 a5 10. h4 Qd7 11. g5 Ng4 12. Bxc5 dxc5 13. Qe2 f6 14. Nh3 f5 15. O-O-O h5
16. Bg2 f4 17. Rd2 Qf7 18. Ng1 Bd7 19. Nd1 Ba4 20. Nc3 Bd7 21. Nf3 Rfe8 22. Ne1
Bf8 23. Nc2 Bd6 24. f3 Ne3 25. Nxe3 fxe3 26. Qxe3 Rf8 27. Rf2 Qf4 28. Kd2 Rf7
29. Ne2 Qxe3+ 30. Kxe3 Ra6 31. Bh3 Rb6 32. Bxd7 Rxd7 33. Nc1 Rb4 34. Rc2 Rf7 35.
Nd3 Rb6 36. Rf1 Ra6 37. f4 exf4+ 38. Kf3 Re7 39. Re2 Re5 40. Nxf4 Bf8 41. Ne6
Rexe6 42. dxe6 Rxe6 43. Rd1 Bd6 44. Rd5 c6 45. Rd3 Kf7 46. e5 Bc7 47. Rd7+ Re7
48. e6+ Ke8 49. Red2 Bb6 50. Rxe7+ Kxe7 51. Rd7+ Kxe6 52. Rxb7 Bd8 53. Ke4 Be7
54. Ra7 Bd6 55. Kf3 Ke5 56. Rxa5 Kd4 57. b3 Kc3 58. Ra6 1-0

[Event "79th ch-ESP 2014"]
[Site "Linares ESP"]
[Date "2014.08.27"]
[Round "3.25"]
[White "Meco Benitez, Jose Luis"]
[Black "Nicolas Zapata, Irene"]
[Result "1/2-1/2"]
[BlackTitle "WIM"]
[WhiteElo "2028"]
[BlackElo "2284"]
[WhiteFideId "2266369"]
[BlackFideId "22247270"]
[EventDate "2014.08.25"]

1. e4 c5 2. Nf3 Nc6 3. Bb5 Nd4 4. Nxd4 cxd4 5. O-O a6 6. Bc4 b5 7. Bb3 Bb7 8. d3
e6 9. c3 dxc3 10. Nxc3 g6 11. Be3 Bg7 12. Qd2 Ne7 13. Bh6 O-O 14. Bxg7 Kxg7 15.
Rae1 d5 16. e5 f6 17. d4 Nc6 18. f4 Qb6 19. exf6+ Rxf6 20. Rd1 Raf8 21. Kh1 a5
22. Bc2 Ba6 23. Ne2 b4 24. Bd3 Bxd3 25. Qxd3 a4 26. Rc1 Na5 27. Rc5 Nc4 28. b3
axb3 29. axb3 Nd6 30. Rfc1 Ne4 31. Qb5 Qxb5 32. Rxb5 Nf2+ 33. Kg1 Nd3 34. Rc7+
R8f7 35. Rbb7 Rxc7 36. Rxc7+ Rf7 37. Rxf7+ Kxf7 38. g3 Kf6 39. Kg2 Kf5 40. Kf3
Ne1+ 41. Kf2 Nd3+ 1/2-1/2

[Event "79th ch-ESP 2014"]
[Site "Linares ESP"]
[Date "2014.08.27"]
[Round "3.26"]
[White "Escudero Manzano, Alejandro"]
[Black "Ruperez Benito, Antonio"]
[Result "1-0"]
[WhiteElo "2283"]
[BlackElo "2018"]
[WhiteFideId "2238004"]
[BlackFideId "22245049"]
[EventDate "2014.08.25"]

1. e4 e6 2. d4 d5 3. exd5 exd5 4. c4 Nf6 5. Nc3 Be6 6. cxd5 Nxd5 7. Nf3 Be7 8.
Bd3 Nd7 9. O-O O-O 10. Ne4 h6 11. Ng3 c5 12. Bb1 Re8 13. Qd3 N7f6 14. a3 c4 15.
Qc2 b5 16. Nh5 Qb6 17. Nxf6+ Nxf6 18. Re1 Bd6 19. Be3 Bd5 20. Ne5 Bxe5 21. dxe5
Rxe5 22. Qc3 Rae8 23. Bh7+ Kxh7 24. Bxb6 Rxe1+ 25. Rxe1 Rxe1+ 26. Qxe1 axb6 27.
Qe5 Kg6 28. Qd6 Be6 29. Qxb6 Bd7 30. f3 h5 31. Kf2 Kf5 32. Qd6 Kg6 33. h3 Kh7
34. Ke3 Kg6 35. g4 1-0

[Event "79th ch-ESP 2014"]
[Site "Linares ESP"]
[Date "2014.08.27"]
[Round "3.27"]
[White "Domingo Nunez, Alejandro"]
[Black "Hernandez Estevez, Yudania"]
[Result "1/2-1/2"]
[BlackTitle "WIM"]
[WhiteElo "2023"]
[BlackElo "2258"]
[WhiteFideId "22245561"]
[BlackFideId "2219344"]
[EventDate "2014.08.25"]

1. e4 e5 2. Bc4 Nf6 3. d3 Nc6 4. Nf3 Bc5 5. c3 O-O 6. O-O d6 7. Bb3 Bb6 8. h3
Ne7 9. Re1 Ng6 10. d4 h6 11. Nbd2 c6 12. Nf1 Re8 13. Ng3 Bc7 14. Bc2 Be6 15. Be3
Bb6 16. Qd2 Kh7 17. Nf5 Bxf5 18. exf5 Nf8 19. dxe5 dxe5 20. Qxd8 Bxd8 21. Bc5
N8d7 22. Bd6 e4 23. Nd2 e3 24. Rxe3 Rxe3 25. fxe3 Bb6 26. Re1 Re8 27. Kf2 Ne5
28. Bxe5 Rxe5 29. Kf3 Bc7 30. e4 Re7 31. Rd1 Nd7 32. Nc4 Ne5+ 33. Nxe5 Bxe5 34.
Rd8 g6 35. g4 Bf6 36. Rd1 Bg5 37. Bb3 Kg7 38. Rd6 Bf6 39. Rd1 Bg5 40. Bc4 Bf6
41. Rd3 Bg5 42. b4 a6 43. Bb3 Bf6 44. c4 Rc7 45. Ke2 Re7 46. Kf3 Rc7 1/2-1/2

[Event "79th ch-ESP 2014"]
[Site "Linares ESP"]
[Date "2014.08.27"]
[Round "3.28"]
[White "Sanchez Barbado, Carlos"]
[Black "Carruana Fuentes, Rafael"]
[Result "1-0"]
[WhiteElo "2249"]
[BlackElo "2014"]
[WhiteFideId "2273012"]
[BlackFideId "2253542"]
[EventDate "2014.08.25"]

1. e4 e6 2. d4 d5 3. Nd2 Be7 4. Ngf3 Nf6 5. e5 Nfd7 6. Bd3 c5 7. c3 Nc6 8. O-O
g5 9. dxc5 g4 10. Nd4 Ndxe5 11. Bb5 Bd7 12. N2b3 h5 13. Re1 Nxd4 14. Bxd7+ Qxd7
15. Qxd4 Ng6 16. c4 O-O-O 17. cxd5 Qxd5 18. Be3 Nh4 19. Qxd5 Rxd5 20. c6 b6 21.
a4 Nf5 22. a5 Nxe3 23. axb6 axb6 24. Ra8+ Kc7 25. Rxh8 Nc4 26. Rh7 Kxc6 27. Rxf7
Kd6 28. Rh7 Bf6 29. Rh6 Ke7 30. g3 Nxb2 31. Ra1 Bc3 32. Ra8 Nd3 33. Rc8 Be1 34.
Rh7+ Kd6 35. Rd8+ Kc6 36. Rxd5 exd5 37. Kf1 Bc3 38. Ke2 Ne5 39. Rxh5 Kb5 40. h3
Kb4 41. Nc1 gxh3 42. Na2+ 1-0

[Event "79th ch-ESP 2014"]
[Site "Linares ESP"]
[Date "2014.08.27"]
[Round "3.29"]
[White "Mercado Larrea, Adrian"]
[Black "Navarrete Espi, Samuel"]
[Result "0-1"]
[WhiteElo "2001"]
[BlackElo "2245"]
[WhiteFideId "2245140"]
[BlackFideId "2237725"]
[EventDate "2014.08.25"]

1. e4 e5 2. Nf3 Nc6 3. Bc4 Bc5 4. c3 Nf6 5. d3 a6 6. Bb3 Ba7 7. Nbd2 d6 8. O-O
h6 9. Re1 g5 10. Nf1 g4 11. N3d2 Bd7 12. Nc4 Qe7 13. Ng3 O-O-O 14. Ne3 Rdg8 15.
Nef5 Qf8 16. Be3 h5 17. Nh4 Kb8 18. Ba4 Ne7 19. Bxd7 Nxd7 20. Bxa7+ Kxa7 21. b4
Ng6 22. Ngf5 Nxh4 23. Nxh4 Qd8 24. g3 Nf8 25. Qa4 b6 26. Rab1 Ng6 27. Nf5 h4 28.
Rb3 hxg3 29. fxg3 Rh7 30. Ra3 Qc8 31. c4 Rgh8 32. Re2 Qb7 33. Rc2 Rd8 34. Ne3
Nf8 35. Nd5 Ne6 36. Nc3 Rdh8 37. Nb5+ Kb8 38. Qxa6 Qxa6 39. Rxa6 Ng5 40. h4 gxh3
41. Rc3 Nf3+ 42. Kh1 Rg7 43. Rca3 Kc8 44. Ra8+ Kd7 45. Rxh8 Rxg3 46. Rha8 Rg7
47. R8a6 Kc8 48. d4 Rg3 0-1

[Event "79th ch-ESP 2014"]
[Site "Linares ESP"]
[Date "2014.08.27"]
[Round "3.30"]
[White "Sanchez Jerez, Emilio Miguel"]
[Black "Lucena Moreno, Rafael"]
[Result "1-0"]
[WhiteTitle "FM"]
[WhiteElo "2232"]
[BlackElo "1986"]
[WhiteFideId "2256088"]
[BlackFideId "22225641"]
[EventDate "2014.08.25"]

1. Nf3 d5 2. g3 Nf6 3. Bg2 g6 4. b4 Bg7 5. Bb2 O-O 6. O-O Nbd7 7. d3 c5 8. b5 b6
9. e4 Bb7 10. e5 Ng4 11. Qe2 Qc7 12. Re1 h5 13. h3 Nh6 14. c4 e6 15. Nbd2 a6 16.
a4 axb5 17. axb5 Rxa1 18. Bxa1 d4 19. Bb2 Ra8 20. Bc1 Ra2 21. Qf1 Nf5 22. Ne4
Nxe5 23. Bf4 Nxf3+ 24. Bxf3 e5 25. Bg5 Nd6 26. Qg2 Bxe4 27. Bxe4 Nxe4 28. Qxe4
Ra7 29. Qd5 Qd7 30. Bd8 Qxd5 31. cxd5 Rb7 32. d6 Kf8 33. f4 f6 34. Ra1 f5 35.
Ra8 Kf7 36. Bc7 Bf6 37. fxe5 Bxe5 38. Kg2 Bf6 39. Kf3 h4 40. g4 fxg4+ 41. Kxg4
Ke6 42. Rg8 Kf7 43. Rc8 Ke6 44. Rf8 Bg7 45. Re8+ Kd5 46. d7 Bf6 47. d8=Q+ Bxd8
48. Rxd8+ Ke6 49. Bf4 1-0